000 00958cam a2200253 4500
001 ABS62932
008 000000n2000 000 0 eng u
035 _a(Sirsi) u108676
100 _aHodgson
_G.J.
245 _aPartnership working: case study of a successful partnering relationship on a major UK DBFO road project
260 _c2000
490 _aProceedings of the Institution of Civil Engineers: Transport
_v141 August 2000, 143-149(7)
520 _aCritical analysis of the M6 DBFO project - the first private sector funded road project in Scotland. Considers whether the project proves that working in a partnership is something which can benefit all those involved.
590 _aABS
650 _aPARTNERSHIPS
650 _aJOINT VENTURES
650 _aDBFO PROJECTS
650 _aROAD PROJECTS
650 _aPARTNERING
650 _aPROCUREMENT METHODS
650 _aM6
690 _aTRANSPORT AND COMMUNICATIONS
942 _n0
999 _c64881
_d64881